000 00562nam a2200181Ia 4500
999 _c29250
_d29250
003 OSt
005 20201221102551.0
008 190216s9999||||xx |||||||||||||| ||und||
020 _a9788182643901
040 _coclc
082 _a894.8121
_bNAM/U
100 _aNamboodiri, Vishnu Narayanan
_97168
245 0 _aUjjayiniyile Rappakalukal /
_cVishnu Narayanan Namboodiri
260 _bMathrubhumi Printing And Publishing,
_aKozhikode:
_c1991.
300 _a87p
650 _aKavitha
942 _cBK
_2ddc
_h894.8121
_iNAM/U
_k894.8121
_mNAM/U